000 00625nam a2200205Ia 4500
008 240729s9999 xx 000 0 und d
022 _a1687-711X
245 0 _aAdvances in Fuzzy Systems
260 _aUnited Kingdom
260 _bHindawi Limited
650 _a Computer software
650 _a Electrical engineering. Electronics. Nuclear engineering | Science
650 _a Electronic computers. Computer science
650 _a Instruments and machines
650 _a Mathematics
650 _aTechnology
856 _uhttps://doaj.org/toc/7fbb4bf8acfe4ba88e495335ff9cefb3
942 _2ddc
942 _cDOAJEJ
999 _c71575
_d71575
945 _a1
_bMadushi Gamage
_c1
_dMadushi Gamage